EVERY Minecraft Block - Statistics

General Stats
  • This quiz has been taken 262 times
  • The average score is 79 of 500
Answer Stats
Block Type Answer % Correct
Dirt Dirt
91%
Dirt Grass
83%
Basic Stone Stone
65%
Planks Oak Planks
62%
Sand Sand
59%
Log Oak Log
57%
Planks Birch Planks
56%
Basic Stone Cobblestone
54%
Log Birch Log
51%
Ore Iron Ore
51%
Wood Oak Wood
49%
Ore Diamond Ore
48%
Planks Spruce Planks
48%
Planks Acacia Planks
47%
Log Spruce Log
46%
Log Acacia Log
45%
Planks Dark Oak Planks
45%
Wood Birch Wood
44%
Ore Gold Ore
44%
Planks Jungle Planks
44%
Ore Coal Ore
43%
Log Dark Oak Log
43%
Other Cave Blocks Gravel
43%
Ore Redstone Ore
43%
Dirt Coarse Dirt
42%
Log Jungle Log
41%
Ore Emerald Ore
40%
Leaves Oak Leaves
40%
Glass Glass
39%
Ore Copper Ore
38%
Fences Oak Fence
38%
Wood Spruce Wood
37%
Wood Acacia Wood
36%
Fences Birch Fence
35%
Snow Snow
35%
Light Sources Torch
35%
Deepslate Deepslate
34%
Stairs Oak Stairs
34%
Dirt Podzol
34%
Leaves Birch Leaves
33%
Planks Cherry Planks
33%
Wood Dark Oak Wood
33%
Wood Jungle Wood
33%
Nether Block Netherrack
33%
Slab Oak Slab
33%
Sand Sandstone
33%
Trash Stone Granite
32%
Dirt Mycelium
32%
Trapdoor Oak Trapdoor
32%
Leaves Acacia Leaves
31%
Ore Lapis Ore
31%
Dirt Moss
31%
Sign Oak Sign
31%
Fences Spruce Fence
31%
Leaves Spruce Leaves
31%
Fences Acacia Fence
30%
Log Cherry Log
30%
Leaves Dark Oak Leaves
30%
Leaves Jungle Leaves
30%
Basic Stone Obsidian
30%
Slab Stone Slab
30%
Colored Blocks Wool
30%
Colored Blocks Bed
29%
Stairs Birch Stairs
29%
End Block Endstone
29%
Log Mangrove Log
29%
Planks Mangrove Planks
29%
Trash Stone Andesite
28%
Sign Birch Sign
28%
Trapdoor Birch Trapdoor
28%
Planks Crimson Planks
28%
Fences Dark Oak Fence
28%
Planks Warped Planks
28%
Slab Birch Slab
27%
Ore Blocks Block of Gold
27%
Ore Blocks Block of Iron
27%
Basic Stone Bricks
27%
Utility Block Chest
27%
Utility Block Crafting Table
27%
Trapdoor Dark Oak Trapdoor
27%
Trash Stone Diorite
27%
Fences Jungle Fence
27%
Nether Block Netherbrick
27%
Trapdoor Acacia Trapdoor
26%
Ore Blocks Block of Diamond
26%
Other Cave Blocks Clay
26%
Utility Block Furnace
26%
Nether Block Glowstone
26%
Sand Red Sand
26%
Log Stripped Oak Log
26%
Sign Acacia Sign
25%
Wood Cherry Wood
25%
Sign Dark Oak Sign
25%
Glass Glass Pane
25%
Trapdoor Jungle Trapdoor
25%
Wood Mangrove Wood
25%
Stairs Spruce Stairs
25%
Trapdoor Spruce Trapdoor
25%
Log Stripped Dark Oak Log
25%
Log Stripped Spruce Log
25%
Stairs Acacia Stairs
24%
Ore Blocks Block of Coal
24%
Sign Jungle Sign
24%
Food Block Pumpkin
24%
Basic Stone Smooth Stone
24%
Nether Block Soul Sand
24%
Log Stripped Acacia Log
24%
Log Stripped Birch Log
24%
Bamboo Bamboo Planks
23%
Ore Blocks Block of Lapis
23%
Leaves Cherry Leaves
23%
Slab Cobblestone Slab
23%
Stairs Cobblestone Stairs
23%
Wall Cobblestone Wall
23%
Colored Blocks Concrete
23%
Stairs Dark Oak Stairs
23%
Snow Ice
23%
Stairs Jungle Stairs
23%
Slab Spruce Slab
23%
Log Stripped Jungle Log
23%
Slab Acacia Slab
22%
Ore Ancient Debris
22%
Ore Blocks Block of Copper
22%
Ore Blocks Block of Emerald
22%
Fences Cherry Fence
22%
Slab Dark Oak Slab
22%
Slab Jungle Slab
22%
Redstone Trigger Lever
22%
Light Sources Redstone Torch
22%
Sign Spruce Sign
22%
Basic Stone Stone Bricks
22%
Stairs Stone Stairs
22%
Basic Stone Bedrock
21%
Trapdoor Cherry Trapdoor
21%
Trapdoor Iron Trapdoor
21%
Leaves Mangrove Leaves
21%
Food Block Melon
21%
Basic Stone Mossy Cobblestone
21%
Dirt Mud
21%
Log Stripped Mangrove Log
21%
Food Block Cake
20%
Light Sources Lantern
20%
Fences Mangrove Fence
20%
Trapdoor Mangrove Trapdoor
20%
Ocean Stones Prismarine
20%
Dirt Rooted Dirt
20%
Colored Blocks Terracotta
20%
Deepslate Cobbled Deepslate
19%
Ore Deepslate Diamond Ore
19%
Ore Deepslate Iron Ore
19%
Ore Nether Gold Ore
19%
Trash Stone Polished Andesite
19%
Trash Stone Polished Granite
19%
Utility Block Bookshelf
18%
Sign Cherry Sign
18%
Fences Crimson Fence
18%
Log Crimson Stem
18%
Ore Deepslate Coal Ore
18%
Sign Mangrove Sign
18%
Ore Nether Quartz Ore
18%
Redstone Trigger Oak Button
18%
Trash Stone Polished Diorite
18%
Sand Red Sandstone
18%
Redstone Device Redstone Repeater
18%
Log Warped Stem
18%
Nether Block Basalt
17%
Trapdoor Crimson Trapdoor
17%
Ore Deepslate Lapis Ore
17%
Ore Deepslate Redstone Ore
17%
Redstone Device Dispenser
17%
Redstone Device Piston
17%
Utility Block Anvil
16%
Ore Blocks Block of Netherite
16%
Slab Cherry Slab
16%
Stairs Cherry Stairs
16%
Ore Deepslate Copper Ore
16%
Ore Deepslate Emerald Ore
16%
Ore Deepslate Gold Ore
16%
Slab Mangrove Slab
16%
Fences Netherbrick Fence
16%
Redstone Device Rail
16%
Ocean Stones Sea Lantern
16%
Redstone Trigger Stone Button
16%
Fences Warped Fence
16%
Trapdoor Warped Trapdoor
16%
Other Cave Blocks Amethyst
15%
Miscellaneous Beacon
15%
Nether Block Blackstone
15%
Colored Blocks Carpet
15%
Colored Blocks Concrete Powder
15%
Sign Crimson Sign
15%
Redstone Device Hopper
15%
Stairs Mangrove Stairs
15%
End Block Purpur
15%
Sand Smooth Sandstone
15%
Slab Smooth Stone Slab
15%
Sign Warped Sign
15%
Redstone Trigger Acacia Pressure Plate
14%
Redstone Trigger Birch Button
14%
Redstone Trigger Birch Pressure Plate
14%
Utility Block Blast Furnace
14%
Ore Blocks Block of Quartz
14%
Light Sources Campfire
14%
Utility Block Enchantment Table
14%
Nether Block Magma Block
14%
Basic Stone Mossy Stone Bricks
14%
Stairs Netherbrick Stairs
14%
Redstone Trigger Oak Pressure Plate
14%
Redstone Device Observer
14%
Redstone Device Powered Rail
14%
Slab Sandstone Slab
14%
Stairs Sandstone Stairs
14%
Redstone Device Sticky Piston
14%
Log Stripped Crimson Stem
14%
Log Stripped Warped Stem
14%
Utility Block Trapped Chest
14%
Redstone Trigger Acacia Button
13%
Utility Block Barrel
13%
Fences Birch Gate
13%
Utility Block Brewing Stand
13%
Slab Brick Slab
13%
Utility Block Cauldron
13%
Slab Crimson Slab
13%
Redstone Trigger Dark Oak Pressure Plate
13%
Utility Block Ender Chest
13%
Miscellaneous Iron Bars
13%
Redstone Trigger Jungle Pressure Plate
13%
Slab Netherbrick Slab
13%
Nether Block Nether Wart Block
13%
Snow Packed Ice
13%
Deepslate Polished Deepslate
13%
Redstone Device Redstone Lamp
13%
Utility Block Smoker
13%
Redstone Trigger Spruce Pressure Plate
13%
Wood Stripped Cherry Wood
13%
Fences Acacia Gate
12%
Bamboo Bamboo Block
12%
Utility Block Cartography Table
12%
Fence Cherry Gate
12%
Basic Stone Cracked Stone Bricks
12%
Stairs Crimson Stairs
12%
Redstone Trigger Dark Oak Button
12%
Deepslate Deepslate Bricks
12%
Redstone Device Dropper
12%
Utility Block Fletching Table
12%
Food Block Honey
12%
Food Block Jack O Lantern
12%
Redstone Trigger Jungle Button
12%
Fences Oak Gate
12%
Miscellaneous Slime Block
12%
Utility Block Smithing Table
12%
Nether Block Soul Soil
12%
Miscellaneous Sponge
12%
Redstone Trigger Spruce Button
12%
Fences Spruce Gate
12%
Redstone Trigger Stone Pressure Plate
12%
Wood Stripped Birch Wood
12%
Wood Stripped Oak Wood
12%
Wood Stripped Spruce Wood
12%
Miscellaneous TNT
12%
Other Cave Blocks Tuff
12%
Slab Warped Slab
12%
Stairs Andesite Stairs
11%
Wall Andesite Wall
11%
Bamboo Bamboo Slab
11%
Stairs Blackstone Stairs
11%
Snow Blue Ice
11%
Redstone Trigger Cherry Button
11%
Redstone Trigger Cherry Pressure Plate
11%
Utility Block Composter
11%
Fences Dark Oak Gate
11%
Ocean Stones Dark Prismarine
11%
Food Block Dried Kelp
11%
End Block Endstone Bricks
11%
Colored Blocks Glazed Terracotta
11%
Slab Granite Slab
11%
Stairs Granite Stairs
11%
Wall Granite Wall
11%
Food Block Hay Bale
11%
Redstone Trigger Iron Pressure Plate
11%
Redstone Trigger Mangrove Button
11%
Redstone Trigger Mangrove Pressure Plate
11%
Slab Mossy Cobblestone Slab
11%
Stairs Mossy Cobblestone Stairs
11%
Redstone Device Redstone Comparator
11%
Colored Blocks Shulker Box
11%
Light Sources Soul Lantern
11%
Light Sources Soul Torch
11%
Stairs Stone Brick Stairs
11%
Utility Block Stone Cutter
11%
Wood Stripped Acacia Wood
11%
Wood Stripped Dark Oak Wood
11%
Wood Stripped Jungle Wood
11%
Wood Stripped Mangrove Wood
11%
Glass Tinted Glass
11%
Stairs Warped Stairs
11%
Redstone Device Activator Rail
10%
Slab Andesite Slab
10%
Food Block Beehive
10%
Nether Block Bone Block
10%
Other Cave Blocks Calcite
10%
Colored Blocks Candle
10%
Miscellaneous Chain
10%
Basic Stone Chiseled Stone Bricks
10%
Fences Crimson Gate
10%
Basic Stone Crying Obsidian
10%
Slab Diorite Slab
10%
Wall Diorite Wall
10%
Redstone Trigger Gold Pressure Plate
10%
Fences Jungle Gate
10%
Fences Mangrove Gate
10%
Wall Mossy Cobblestone Wall
10%
Slab Purpur Slab
10%
Stairs Purpur Stairs
10%
Nether Block Red Netherbrick
10%
Miscellaneous Scaffolding
10%
Wall Stone Brick Wall
10%
Leaves Azalea Leaves
9%
Bamboo Bamboo Stairs
9%
Wall Blackstone Wall
9%
Ore Blocks Block of Raw Gold
9%
Wall Brick Wall
9%
Deepslate Chiseled Deepslate
9%
Redstone Trigger Crimson Button
9%
Redstone Trigger Crimson Pressure Plate
9%
Redstone Device Daylight Sensor
9%
Other Cave Blocks Dripstone Block
9%
End Block End Rod
9%
Utility Block Loom
9%
Wall Netherbrick Wall
9%
Redstone Device Note Block
9%
Slab Polished Andesite Slab
9%
Stairs Polished Andesite Stairs
9%
Nether Block Polished Blackstone
9%
Slab Polished Diorite Slab
9%
Slab Polished Granite Slab
9%
Stairs Polished Granite Stairs
9%
Ocean Stones Prismarine Bricks
9%
Stairs Prismarine Stairs
9%
Slab Quartz Slab
9%
Stairs Quartz Stairs
9%
Food Block Red Mushroom
9%
Redstone Device Redstone Dust
9%
Sand Smooth Red Sandstone
9%
Light Sources Soul Campfire
9%
Redstone Trigger Warped Button
9%
Fences Warped Gate
9%
Nether Block Blackstone Brick
8%
Slab Blackstone Slab
8%
Ore Blocks Block of Raw Iron
8%
Coral Brain Coral
8%
Food Block Brown Mushroom
8%
Food Block Carved Pumpkin
8%
Slab Cobbled Deepslate Slab
8%
Miscellaneous Cobweb
8%
Wood Crimson Hyphae
8%
Sand Cut Sandstone
8%
Deepslate Deepslate Tiles
8%
End Block Dragon Egg
8%
End Block End Crystal
8%
Utility Block Grindstone
8%
Miscellaneous Item Frame
8%
Redstone Device Jukebox
8%
Utility Block Lectern
8%
Slab Prismarine Slab
8%
Ore Blocks Quartz Pillar
8%
Slab Red Sandstone Slab
8%
Miscellaneous Zombie Head
8%
Utility Block Bell
7%
Ore Blocks Block of Raw Copper
7%
Ore Blocks Chiseled Quartz
7%
Stairs Cobbled Deepslate Stairs
7%
Wall Cobbled Deepslate Wall
7%
Miscellaneous Creeper Head
7%
Nether Block Crimson Nylium
7%
Coral Fire Coral
7%
Miscellaneous Lightning Rod
7%
Dirt Moss Carpet
7%
Stairs Mossy Stone Brick Stairs
7%
Dirt Mud Bricks
7%
Stairs Polished Diorite Stairs
7%
Snow Powdered Snow
7%
Stairs Red Sandstone Stairs
7%
Sea Block Sea Pickle
7%
Wood Warped Hyphae
7%
Redstone Trigger Warped Pressure Plate
7%
Stairs Bricks Stairs
6%
Utility Block Chiseled Bookshelf
6%
Deepslate Cracked Deepslate Bricks
6%
Sand Cut Red Sandstone
6%
Stairs Dark Prismarine Stairs
6%
Miscellaneous Dragon Head
6%
Miscellaneous Flower Pot
6%
Nether Block Gilded Blackstone
6%
Food Block Honeycomb
6%
Food Block Mushroom Stem
6%
Nether Block Polished Basalt
6%
Slab Polished Deepslate Slab
6%
Wall Prismarine Wall
6%
End Block Purpur Pillar
6%
Slab Red Netherbrick Slab
6%
Stairs Red Netherbrick Stairs
6%
Wall Red Netherbrick Wall
6%
Other Cave Blocks Sculk Sensor
6%
Nether Block Shroomlight
6%
Miscellaneous Skeleton Skull
6%
Nether Block Smooth Basalt
6%
Ore Blocks Smooth Quartz
6%
Slab Stone Bricks Slab
6%
Wood Stripped Crimson Hyphae
6%
Redstone Device Target Block
6%
Miscellaneous Wither Skeleton Skull
6%
Bamboo Bamboo Mosaic
5%
Food Block Beenest
5%
Redstone Trigger Blackstone Pressure Plate
5%
Coral Bubble Coral
5%
Other Cave Blocks Budding Amethyst
5%
Sand Chiseled Red Sandstone
5%
Sea Block Conduit
5%
Slab Dark Prismarine Slab
5%
Wall Endstone Brick Wall
5%
Wall Mossy Stone Brick Wall
5%
Slab Mud Brick Slab
5%
Slab Polished Blackstone Slab
5%
Stairs Polished Blackstone Stairs
5%
Wall Polished Blackstone Wall
5%
Other Cave Blocks Sculk Shrieker
5%
Slab Smooth Sandstone Slab
5%
Stairs Smooth Sandstone Stairs
5%
Wood Stripped Warped Hyphae
5%
Coral Tube Coral
5%
Nether Block Warped Nylium
5%
Other Cave Blocks Calibrated Sculk Sensor
4%
Nether Block Chiseled Netherbrick
4%
Deepslate Cracked Deepslate Tiles
4%
Ore Blocks Cut Copper
4%
Stairs Cut Copper Stairs
4%
Coral Dead Brain Coral
4%
Coral Dead Fire Coral
4%
Slab Deepslate Tile Slab
4%
Wall Deepslate Tile Wall
4%
Redstone Device Detector Rail
4%
Stairs Endstone Stairs
4%
Leaves Flowering Azalea Leaves
4%
Miscellaneous Glow Item Frame
4%
Coral Horn Coral
4%
Leaves Mangrove Roots
4%
Slab Mossy Stone Bricks Slab
4%
Wall Mud Brick Wall
4%
Leaves Muddy Mangrove Roots
4%
Dirt Packed Mud
4%
Stairs Polished Deepslate Stairs
4%
Wall Polished Deepslate Wall
4%
Stairs Smooth Red Sandstone Stairs
4%
Bamboo Stripped Bamboo Block
4%
Miscellaneous Wet Sponge
4%
Redstone Trigger Blackstone Button
3%
Nether Block Cracked Blackstone Brick
3%
Slab Cut Copper Slab
3%
Coral Dead Tube Coral
3%
Slab Deepslate Bricks Slab
3%
Stairs Deepslate Bricks Stairs
3%
Stairs Deepslate Tiles Stairs
3%
Slab Endstone Bricks Slab
3%
Nether Block Lodestone
3%
Other Cave Blocks Pointed Dripstone
3%
Nether Block Respawn Anchor
3%
Other Cave Blocks Sculk Block
3%
Other Cave Blocks Sculk Catalyst
3%
Stairs Smooth Quartz Stairs
3%
Slab Smooth Red Sandstone Slab
3%
Log Strpped Cherry Log
3%
Sea Block Turtle Eggs
3%
Nether Block Warped Wart Block
3%
Slab Blackstone Bricks Slab
2%
Stairs Blackstone Bricks Stairs
2%
Wall Blackstone Brick Wall
2%
Coral Dead Bubble Coral
2%
Coral Dead Horn Coral
2%
Miscellaneous Decorated Pot
2%
Wall Deepslate Bricks Wall
2%
Other Cave Blocks Large Amethyst Bud
2%
Other Cave Blocks Medium Amethyst Bud
2%
Stairs Mud Bricks Stairs
2%
Light Sources Ochre Froglight
2%
Miscellaneous Piglin Head
2%
Slab Prismarine Bricks Slab
2%
Stairs Prismarine Bricks Stairs
2%
Other Cave Blocks Small Amethyst Bud
2%
Slab Smooth Quartz Slab
2%
Other Cave Blocks Amethyst Cluster
1%
Ore Blocks Block or Redstone
1%
Nether Block Chiseled Blackstone Brick
1%
Sand Chiseled Stonestone
1%
Stairs Diortie Stairs
1%
Other Cave Blocks Sculk Vien
1%
Snow Snow Top
1%
Nether Block Twisting Vines
1%
Light Sources Verdant Froglight
1%
Light Sources Pearl Froglight
0%
No matching quizzes found
Score Distribution
Percent of People with Each Score
Percentile by Number Answered
Your Score History
You have not taken this quiz